Statistiques concernant Dieux égyptiens

Cliquez ici pour prendre le quiz!

Statistiques générales

  • Ce quiz a été pris 60 fois
  • Le résultat moyen est 16 sur 33

Statistiques - réponses

DescriptionRéponse% Correct
Dieu du soleil, le dieu de l’Etat et de la justice, créateur de l’univers. Lorsqu'il est assimilé à Horus, il devient un homme à tête de faucon, et porte alors le disque solaire et l’uraeus. Il s’est créé lui-même, puis a créé Chou et Tefnout, qui engendrèrent la terre et du ciel.
92%
La grande déesse, protectrice des naissances, épouse et mère parfaite, femme d’Osiris auquel elle rendit la vie pour engendrer leur fils Horus.Isis
91%
Le grand dieu, maître de la végétation et de l’agriculture. Fils de Nout et de Geb, frère d'Isis, de Nephtys et de Seth qui le tua. Il devint ainsi dieu et juge des morts. Isis le ressuscita pour engendrer Horus.Osiris
91%
Le dieu des morts, qu’il accompagne dans l’au-delà.Anubis
83%
L'incarnation du mal, sous forme d'un animal étrange, ou d'un homme à tête d'animal. Frère d’Isis, de Nephtys, et d’Osiris qu'il assassina. Horus, fils d'Osiris, le tua pour venger son père. Il commande au tonnerre et aux tempêtes.Seth
81%
L’un des plus grands dieux du ciel, fils d’Isis et (posthume) d’Osiris. Il vengea la mort de son père. Il protège les rois d'Égypte. Plus tard, il sera représenté comme un enfant suçant son pouce (l’Harpocrate des Grecs).Horus
74%
Le grand dieu de la connaissance, de la culture, de la parole, des mathématiques et de l’écriture. A ce titre, maître de la magie et protecteur des scribes. Il est préposé à la pesée du coeur des défunts.Thôt
74%
Epouse de Ptah, déesse lionne, elle peut provoquer ou éloigner les maladies, et pourfend les ennemis de son père, le dieu Soleil Râ. Celui-ci la rendit plus tard bienfaisante sous la forme d'Hathor.Sekhmet
70%
Le père des dieux, issu de Thèbes, plus tard assimilé au dieu soleil Râ. Son épouse est Mout, son fils Khonsou.Amon
68%
Le dieu de la terre. fils de Shou et de Tefnout, frère et époux de Nout, la déesse du ciel, avec qui il eut deux fils, Osiris et Seth, et deux filles, Isis et Nephtys.Geb
64%
Fils de Râ, il est le souffle de l'air et de la vie. Il forma avec sa soeur Tefnout le premier couple divin. Il sépara Geb (la terre) et Nout (le ciel).Chou | Shou
62%
Elle veille sur les morts. Fille de Nout et de Geb, elle est la soeur d'Osiris et de Seth, et d'Isis qu'elle aida à ressusciter Osiris.Nephtys
58%
La déesse de la joie domestique, fille de Râ et épouse de Ptah.Bastet
57%
Déesse du ciel, fille de Chou (l'air) et de Tefnout (l'humidité). Mère de la nuit, elle redonne vie chaque matin au soleil et le dévore le soir. Epouse et soeur jumelle de Geb (la terre), elle engendra avec lui Osiris, Seth, Isis et Nephtys. Plus tard, elle régénère les morts, et apparaît sur les sarcophages sous forme d’une génisse.Nout
57%
Déesse bienfaisante et nourricière, elle règne sur l’amour, la musique et la danse, fille de Nout et de Râ. Elle protège Horus et accueille les morts dans l’au-delà.Hathor
53%
L’incarnation du Nil, qui rythme la vie des Égyptiens en commandant aux crues qui apportent la prospérité aux récoltes.Hâpy
49%
Elle assure l’ordre cosmique, la justice et la vérité. Fille de Râ et compagne de Thôt, elle symbolise le nécessaire équilibre du monde. Le premier rôle de Pharaon est de faire respecter sa loi. Lors du jugement des morts, le coeur du défunt ne doit pas peser plus que sa plume.Maât
47%
Le taureau sacré, réincarnation d’Osiris, un dieu de la fertilité.Apis
45%
Dieu-serpent symbolisant le mal toujours repoussé mais toujours menaçant. Habitant le monde inférieur, il cherche à anéantir le Soleil.Apophis | Apopis
45%
Dieu lunaire, il aide Pharaon à lutter contre les forces des ténèbres. Il fut considéré comme le fils d’Amon et de Mout. Aux époques tardives, il devient aussi guérisseur.Khonsou
45%
Un autre des grands dieux fondateurs de l'univers , protecteur des artisans et des bâtisseurs.Ptah
45%
Le dieu unique d’Aménophis IV - Akhenaton. Il donne la lumière et la vie.Aton
43%
Mère de Khonsou , mais une mère qui sait se transformer en lionne ! A Thèbes, elle est aussi l'épouse d'Amon et peut prendre la forme de Sekhmet, adopter une couronne blanche. Incarnée en vautour, elle veille sur les humains.Mout
43%
Dieu crocodile, il règne sur l’eau du Nil et irrigue les champs, et fut particulièrement fêté au Moyen-EmpireSobek
42%
Architecte de la pyramide à degrés de Djoser, il fut considéré comme un sage et associé à Thôt, dieu de la connaissance et de l'écriture. Il fut divinisé dans les derniers temps de la royauté (basse-époque), devenant aussi guérisseur.Imhotep
26%
Un dieu difforme, mais bienfaisant qui effraie les mauvais esprits. Protecteur du foyer, de la musique et de la danse.Bès
23%
L’un des quatre fils d’Horus avec Amset, Douamoutef et Qebesennouf, qui figurent sur les vases canopes, protégeant les entrailles des défunts.Hâpi
19%
Dieu créateur et maître de l'eau ruisselante, dieu des cataractes, il ouvre la voie à Hapy pour commander la crue du Nil.Khnoum
19%
L’un des dieux à l’origine de l’univers, créateur du premier couple divin, Chou et Tefnout.Atoum
17%
Déesse protectrice de l’accouchement, elle prend la forme d’une femelle hippopotame enceinte, ou d'une femme-hippopotame dotée de pattes de lion et d'une queue de crocodile.Thouéris
17%
C'est lui qui féconde chaque soir la déesse du ciel pour que naisse le nouveau soleil. Il confère la virilité et, en tant que dieu de la pluie, la germination des graines.Min
13%
Dieu lié au culte solaire, dieu de la guerre et des armes (supplanté ensuite par Amon). A Thèbes, c'est le dieu faucon.Montou
13%
A l'époque romaine, Jupiter est associé à ce dieu Ptolémaïque, oracle et guérisseur – en fait une dérive grecque du culte d'Osiris-Apis.Sérapis
8%

Distribution des résultats

Percentile par nombre de réponses

% des personnes avec chaque résultat

Votre développement - résultats

Vous n’avez pas pris ce quiz